000 00541nam a2200217Ia 4500
003 OSt
005 20220928140656.0
006 a|||||r|||| 00| 0
007 ta
008 220927b |||||||| |||| 00| 0 eng d
024 _a10907
037 _cTextual
040 _aSDCL
_cSDCL
_beng
041 _2eng
_aeng
082 _aH.297'N8, M3
100 _aThakur V C
_9496912
245 0 _aGeclogy of indus suture zone of ladakh
260 _c1983
942 _hH.297'N8, M3
_cTEXL
_2CC
999 _c813365
_d813365